| 000 | 00731nam a2200277Ia 4500 | ||
|---|---|---|---|
| 003 | OSt | ||
| 005 | 20221007101418.0 | ||
| 006 | a|||||r|||| 00| 0 | ||
| 007 | ta | ||
| 008 | 221006b |||||||| |||| 00| 0 eng d | ||
| 024 | _a6,412 | ||
| 037 | _cTextual | ||
| 040 |
_aLCO _cLCO _beng |
||
| 041 |
_2eng _aeng |
||
| 082 | _aX:957:(Z), L4.2 | ||
| 100 | _aDOABIA H S | ||
| 245 | 0 | _aThe Law of Services and Dismissals. | |
| 250 | _a3 | ||
| 260 |
_aNagpur _bWadhwa & Co. _c1974 |
||
| 300 | _a609 to 1231 | ||
| 490 | _vVol-2 | ||
| 650 |
_aSERVICE LAW _9701955 |
||
| 700 |
_a DOABIA T S _9681244 |
||
| 942 |
_hX:957:(Z), L4.2 _cTEXL |
||
| 999 |
_c1175975 _d1175975 |
||